| 000 | 00427nam a2200181Ia 4500 | ||
|---|---|---|---|
| 001 | 9007 | ||
| 005 | 20260306160652.0 | ||
| 008 | 260306t2006||||xx |||||||||||||| ||spa|| | ||
| 041 | _aESP | ||
| 082 |
_a372.21 _bS21 |
||
| 100 |
_aSanz Núñez, Rafael _eAUT |
||
| 245 | 0 | _aEducación infantil de 0 a 3 años | |
| 260 | _c2006 | ||
| 300 |
_a160 páginas : _ccm. |
||
| 650 | _aGEN | ||
| 654 | _aCED | ||
| 942 |
_cLIB _dJUS _fJUS _2ddc _n |
||
| 999 |
_c9007 _d9007 |
||